000 00330 a2200145 4500
001 164144
020 _a
040 _cMagnum
100 _aCamara Municipal de Belo Horizonte
240 1 0 _aO legislativo e a cidade
_lpor
245 1 0 _aO legislativo e a cidade
362 0 _a1899
697 _aORGANIZACAO SOCIAL
942 _cBK
999 _c164144
_d164144